Kreslenie s priemyselným robotom a grafitovou tuhou

Saved in:
Bibliographic Details
Main Author: Polťák, Alexander (Author)
Other Authors: Adamík, Michal (Thesis advisor)
Format: Manuscript Book
Language:Slovak
Published: Bratislava : STU v Bratislave FEI, 2021
Subjects:
Online Access:https://opac.crzp.sk/?fn=detailBiblioForm&sid=38F43C5054BC4F7F2DBAC5F31F28&seo=CRZP-detail-kniha
Tags: Add Tag
No Tags, Be the first to tag this record!

MARC

LEADER 00000ntm a22000003a 4500
001 stuzp82656
003 SK-STU
005 20211110111929.2
007 ta
008 150427s2015----xo-----f-mn---000-0-slo-d
040 |a STU  |b slo 
041 0 |a slo 
044 |a xo 
100 1 |a Polťák, Alexander  |u 031000  |4 aut  |U FEI Fakulta elektrotechniky a informatiky  |T FEI Ústav robotiky a kybernetiky  |X 98362  |U E011  |Y 356  |7 98362 
242 0 1 |a Drawing with Industrial Robot and Graphite Pencil  |y eng 
245 1 0 |a Kreslenie s priemyselným robotom a grafitovou tuhou 
260 |a Bratislava :  |b STU v Bratislave FEI,  |c 2021 
300 |a 47 s., príl. 
650 4 |a generátor trajektórií  |2 slo 
650 4 |a priemyselný robot  |2 slo 
650 4 |a Rhinoceros  |2 slo 
650 4 |a Grasshoper  |2 slo 
650 4 |a kreslenie  |2 slo 
650 4 |a drawing  |2 eng 
650 4 |a trajectories generator  |2 eng 
650 4 |a Rhinoceros  |2 eng 
650 4 |a Grasshoper  |2 eng 
650 4 |a industrial robot  |2 eng 
700 1 |a Adamík, Michal  |u 031000  |k Z3  |4 ths  |U FEI Fakulta elektrotechniky a informatiky  |T FEI Ústav robotiky a kybernetiky  |X 64812  |U E011  |Y 356  |7 A000064812 
856 4 |u https://opac.crzp.sk/?fn=detailBiblioForm&sid=38F43C5054BC4F7F2DBAC5F31F28&seo=CRZP-detail-kniha